000 00475nam a2200169Ia 4500
005 20250603144707.0
008 250603s9999 xx 000 0 und d
020 _a158113570X
050 _aTK 5105.5 .C63/
245 0 _aComputer communication review : preceedings of ACM Sigcomm 2002 Conference Pittsburgh, PA, USA
260 _aNew York
260 _bThe Association for Computing Machinery
260 _c2002
300 _a358 p
650 _aNew York
942 _cBK
999 _c39674
_d39674